000 00815nam a2200241 u 4500
005 20240314063645.0
008 121017s2004 es r 000 0 spa d
020 _a8495939800 (Art Blume)
020 _a8484231569 (Elfos)
035 _aUPN01000187640
049 _aI
050 4 _aPS3558 O4.2
_bA5.4
100 1 _aHolabird, Katharine,
_d1948-
_933218
245 1 0 _aAngelina en la feria /
_cKatharine Holabird y Helen Craig ; tr. Remedios Diéguez Diéguez.
260 _aBarcelona, Esp. :
_bElfos :
_bArt Blume :
_c2004.
300 _a23 p. :
_bil. col.
440 0 _aAngelina Ballerina
534 _pTítulo original:
_tAngelina at the fair
650 4 _aCuentos infantiles estadounidenses
_910762
650 0 _aRatones
_vCuentos y leyendas
_923551
700 1 _aCraig, Helen,
_ecoaut.
905 _aInfantil
999 _c159743
_d159743